| 000 | 00649nam a2200217 i 4500 | ||
|---|---|---|---|
| 001 | 58355 | ||
| 003 | ES-MaACL | ||
| 005 | 20230906163804.0 | ||
| 007 | t| | ||
| 008 | 031022s1923 fr ||||1| fre d | ||
| 100 | 1 |
_aDufour, Henry. _945899 |
|
| 245 | 1 | 0 |
_aFievre typhoide _b: et fievre paratyphoides / _cpar H. Dudour et J. Thiers. |
| 260 |
_a[S.l. : _bs.n., _c1923] ( _eAngers : _fF. Gaultier) |
||
| 300 |
_a433 p. ; _c18 cm. |
||
| 490 | 1 | _aEncyclopédie scientifique | |
| 700 | 1 |
_aThiers, J. _9109958 |
|
| 740 | 0 | _aFievres paratyphoides. | |
| 830 | 0 |
_aEncyclopédie scientifique _9180883 |
|
| 852 |
_aES-MaACL _jD-4303 |
||
| 999 |
_c58355 _d58355 |
||